| 000 | 00415nam a2200133Ia 4500 | ||
|---|---|---|---|
| 008 | 231129s9999||||xx |||||||||||||| ||spa|| | ||
| 020 | _a84-320-4059-2 | ||
| 040 | _bspa | ||
| 082 | _aU813 G954a | ||
| 100 | _aGuild Nicholas | ||
| 245 | 0 | _aEl asirio: Aventuras batallas e intrigas palaciegas en la Asiria del Siglo VII antes de Cristo | |
| 264 | _aPlaneta | ||
| 942 |
_2ddc _cBKS |
||
| 999 |
_c10314 _d10314 |
||